1313 1775 1420 1489 1900 1195 1424 1592 1703 1097 1959 1774 1667 1252 1505 1526 1356 1968 1206 1134 1987 1099 1423 1954 1914 1305 1025 1279 1026 1009 1305 1349 1838 1439 1774 1148 1903 1171 1940 1452 1176 1724 1838 1895 1534 1395 1440 1502 1061 1320 1514 1595 1718 1743 1892 1510 1954 1270 1236 1655 1068 1610 1795 1787 1052 1691 1577 1983 1052 1952 1922 1013 1695 1666 1447 1703 1371 1025 1425 1021 1919 1043 1998 1789 1752 1996 1202 1548 1291 1829 1535 1254 1845 1073 1091 1748 1807 1504 1817 BCNSPRNW ULIB Ver.6.0+V

เปลี่ยนเป็นภาษาไทย

Change to English
 แสดงรายละเอียดบรรณานุกรม
  กลับหน้าหลัก

Brief Record : Get Marc (ISO 2709) : E-mail record : QR code < ปิดหน้าต่าง
LEADER : 00000nam 2200000uu 4500
001    13399111417
003     ULIB
008    110624s||||||||th 000 0 tha d
020    9749977114 (ล.8)
050  4 BQ4190^bด319ต ล.8 2549
100 0  ดังตฤณ
245 10 เตรียมเสบียงไว้เลี้ยงตัว 8/^cดังตฤณ
260    กรุงเทพฯ :^bดีเอ็มจี,^c2549
300    227:^bภาพประกอบ ;^c21 ซม.
650  7 การดำเนินชีวิต
650  7 ธรรมะกับชีวิตประจำวัน
945    ^p80^l0^i024164
995    ทศพร
999 ^a ใช้งานได้ทุกระบบ
รายการนี้ยังไม่มีแท็ก
คุณยังไม่ได้ล็อกอิน คุณสามารถมีกิจกรรมร่วมกับเว็บไซต์ได้ แต่ต้องล็อกอินก่อน ::
  ล็อกอิน

รายการสื่อสารสนเทศ

ลำดับที่ ประเภท เลขเรียก/บาร์โค้ด สถานที่ สถานะ
- ไม่พบข้อมูล -

รายการใกล้เคียง
    ผู้แต่ง [ดังตฤณ]

    หัวเรื่อง [การดำเนินชีวิต]
    หัวเรื่อง [ธรรมะกับชีวิตประจำวัน]

BibComment


ยังไม่เคยถูกคอมเมนท์

คอมเมนท์ทรัพยากรรายการนี้
  คอมเมนท์: เตรียมเสบียงไว้เล..


 Copyright 2026. Bcnsprnw @Library